Doña Francisquita (Record no. 176579)

MARC details
000 -LEADER
campo de control de longitud fija 01092nam a22002655i 4500
001 - NÚMERO DE CONTROL
campo de control 176579
003 - IDENTIFICADOR DE NÚMERO DE CONTROL
campo de control ES-MaACL
005 - FECHA Y HORA DE LA ÚLTIMA TRANSACCIÓN
campo de control 20231204210843.0
008 - DATOS DE LONGITUD FIJA--INFORMACIÓN GENERAL
campo de control de longitud fija 110125s1945 sp a |||| | spa d
080 ## - NÚMERO DE LA CLASIFICACIÓN DECIMAL UNIVERSAL
Número de la Clasificación Decimal Universal 821.134.2-293"19"
100 1# - ENTRADA PRINCIPAL--NOMBRE DE PERSONA
Nombre de persona Romero, Federico.
9 (RLIN) 99322
245 10 - MENCIÓN DEL TÍTULO
Título Doña Francisquita
Resto del título : comedia lírica en tres actos, el último dividido en dos cuadros, inspirada en La discreta enamorada, de Lope de Vega /
Mención de responsabilidad, etc. Federico Romero y Guillermo Fernández Shaw ; música de Amadeo Vives.
260 ## - PUBLICACIÓN, DISTRIBUCIÓN, ETC.
Lugar de publicación, distribución, etc. Madrid :
Nombre del editor, distribuidor, etc. [s. n.,
Fecha de publicación, distribución, etc. 1945?]
300 ## - DESCRIPCIÓN FÍSICA
Extensión 86 p. ;
Dimensiones 17 cm.
490 1# - MENCIÓN DE SERIE
Mención de serie Biblioteca teatral ;
Designación de volumen o secuencia 158
500 ## - NOTA GENERAL
Nota general Anteportada ilustrada.
500 ## - NOTA GENERAL
Nota general En port. : Representada por primera vez en el Teatro Apolo, de Madrid, el 17 de octubre de 1923.
500 ## - NOTA GENERAL
Nota general Encuadernado con otros títulos.
597 ## - NOTA DE DESCRIPCIÓN FÍSICA
NOTA DE DESCRIPCIÓN FÍSICA En el lomo: 156-167.
700 1# - ENTRADA AGREGADA--NOMBRE PERSONAL
Nombre de persona Fernández-Shaw, Guillermo,
Fechas asociadas al nombre 1893-1965
9 (RLIN) 50102
700 1# - ENTRADA AGREGADA--NOMBRE PERSONAL
Nombre de persona Vives, Amadeo,
Fechas asociadas al nombre 1871-1932
9 (RLIN) 115566
830 0# - PUNTO DE ACCESO ADICIONAL DE SERIE-TÍTULO UNIFORME
Título uniforme Biblioteca teatral ;
Designación de volumen o secuencia 158
9 (RLIN) 190120
852 ## - LOCALIZACIÓN
Ubicación ES-MaACL
Número de control de estantería E-14127 (158)
Encuadernación Olim P-302
Holdings
Estatus retirado Estado de pérdida Estado de daño No para préstamo Biblioteca de origen Biblioteca actual Ubicación en estantería Fecha de adquisición Fuente de adquisición Total de préstamos Signatura topográfica completa Código de barras Visto por última vez Precio de reemplazo Tipo de ítem Koha
        Biblioteca del Ateneo de Madrid Biblioteca del Ateneo de Madrid Depósito 2 25/01/2011     E-14127 (158) 1185440 23/02/2023 23/02/2023 Libro impreso